Statistics for Countries with the most Macedonians

Click here to take the quiz!

General Stats

  • This quiz has been taken 209 times
  • The average score is 11 of 15

Answer Stats

Population Country % Correct
22,755Serbia
92%
57,200–200,000USA
92%
1,297,981Macedonia
90%
62,295–85,000Germany
89%
9,000UK
85%
83,978–200,000Australia
82%
37,055–200,000Canada
82%
92,847Italy
80%
31,518Turkey
78%
61,304–63,000Switzerland
63%
20,135Austria
63%
10,000–15,000Netherlands
52%
45,000Brazil
49%
30,000Argentina
42%
11,623Czech republic
26%

Score Distribution

Percentile by Number Answered

Percent of People with Each Score

Your Score History

You have not taken this quiz